书目信息 |
| 题名: |
英国小说的崛起
|
|
| 作者: | 曹波 著 | |
| 分册: | ||
| 出版信息: | 北京 中国书籍出版社 2020.01 |
|
| 页数: | 237页 | |
| 开本: | 25cm | |
| 丛书名: | 多维人文学术研究丛书 | |
| 单 册: | ||
| 中图分类: | I561.074 | |
| 科图分类: | ||
| 主题词: | 小说研究--英国--18世纪 | |
| 电子资源: | ||
| ISBN: | 978-7-5068-7759-6 | |
| 000 | 00893oam2 2200253 450 | |
| 001 | 0102100440 | |
| 005 | 20210402100824.0 | |
| 010 | @a978-7-5068-7759-6@b精装@dCNY95.00 | |
| 100 | @a20200622d2020 em y0chiy50 ea | |
| 101 | 0 | @achi |
| 102 | @aCN@b110000 | |
| 105 | @aa z 000yy | |
| 106 | @ar | |
| 200 | 1 | @a英国小说的崛起@Aying guo xiao shuo de jue qi@f曹波著 |
| 210 | @a北京@c中国书籍出版社@d2020.01 | |
| 215 | @a237页@c图@d25cm | |
| 225 | 2 | @a多维人文学术研究丛书 |
| 330 | @a本书摈弃单一的传统批评模式,采用现代批评理论对18世纪英国小说进行具体而系统的研究,拉开时间距离审视早期英国小说的成形过程、演化规律及其与后世经典现实主义小说和现代主义小说的远亲关系。 | |
| 461 | 0 | @12001 @a多维人文学术研究丛书 |
| 606 | 0 | @a小说研究@y英国@z18世纪 |
| 690 | @aI561.074@v5 | |
| 701 | 0 | @a曹波@Acao bo@c(英语)@4著 |
| 801 | 0 | @aCN@bBJSZM@c20210402 |
| 905 | @b1278876-80@dI561.074@e1224@f5 | |
| 英国小说的崛起/曹波著.-北京:中国书籍出版社,2020.01 |
| 237页:图;25cm.-(多维人文学术研究丛书) |
| ISBN 978-7-5068-7759-6(精装):CNY95.00 |
| 本书摈弃单一的传统批评模式,采用现代批评理论对18世纪英国小说进行具体而系统的研究,拉开时间距离审视早期英国小说的成形过程、演化规律及其与后世经典现实主义小说和现代主义小说的远亲关系。 |
| ● |
| 相关链接 |
|
|
|
|
正题名:英国小说的崛起
索取号:I561.074/1224
 
预约/预借
| 序号 | 登录号 | 条形码 | 馆藏地/架位号 | 状态 | 备注 |
| 1 | 1278876 | 212788768 | 第一样本阅览室/ [索取号:I561.074/1224] | 在馆 | |
| 2 | 1278877 | 212788777 | 教育系资料室/ [索取号:I561.074/1224] | 在馆 | |
| 3 | 1278878 | 212788786 | 教育系资料室/ [索取号:I561.074/1224] | 在馆 | |
| 4 | 1278879 | 212788795 | 第二借阅区/ [索取号:I561.074/1224] | 在馆 | |
| 5 | 1278880 | 212788802 | 第二借阅区/ [索取号:I561.074/1224] | 在馆 |